[Event "Ciudad del Este"]
[Site "Ciudad del Este"]
[Date "2015.09.15"]
[Round "11"]
[White "Pina, Ulises"]
[Black "Sosa, Carlos Alberto"]
[Result "1-0"]
[WhiteElo "2195"]
[BlackElo "1868"]
[PlyCount "74"]
[EventDate "2015.09.10"]
[EventType "tourn"]
[EventRounds "14"]
[EventCountry "PAR"]
[EventCategory "2"]
[SourceTitle "EXT 2016"]
[Source "ChessBase"]
[SourceDate "2015.10.08"]
[SourceVersion "1"]
[SourceVersionDate "2015.10.08"]
[SourceQuality "1"]

1. e4 e6 2. d4 d5 3. e5 c5 4. c3 Nc6 5. Nf3 Qb6 6. a3 a5 7. b3 Bd7 8. Be3 f6 9. Bd3 fxe5 10. Nxe5 Nxe5 11. dxe5 Ne7 12. 0-0 Qc7 13. f4 g6 14. Nd2 a4 15. b4 c4 16. Bc2 b6 17. Nf3 Nf5 18. Bxf5 gxf5 19. Ng5 h5 20. Bf2 Be7 21. Bh4 Bxg5 22. Bxg5 Bc6 23. Bf6 Rh7 24. Qd4 Qf7 25. Qxb6 Qa7 26. Qxa7 Raxa7 27. Rfe1 Raf7 28. Re3 Rh6 29. Rg3 Rhxf6 30. exf6 Rxf6 31. Rg5 Rh6 32. Kf2 Ke7 33. Re1 Kd6 34. Re5 Rh7 35. Ke3 Bd7 36. Kd4 Bc6 37. Re3 Be8 1-0

[Event "Ciudad del Este"]
[Site "Ciudad del Este"]
[Date "2015.09.15"]
[Round "10"]
[White "Sosa, Carlos Alberto"]
[Black "Duje, Rafael"]
[Result "1/2-1/2"]
[WhiteElo "1868"]
[BlackElo "2210"]
[PlyCount "64"]
[EventDate "2015.09.10"]
[EventType "tourn"]
[EventRounds "14"]
[EventCountry "PAR"]
[EventCategory "2"]
[SourceTitle "EXT 2016"]
[Source "ChessBase"]
[SourceDate "2015.10.08"]
[SourceVersion "1"]
[SourceVersionDate "2015.10.08"]
[SourceQuality "1"]

1. d4 Nf6 2. c4 g6 3. Nc3 d5 4. Nf3 Bg7 5. Qb3 dxc4 6. Qxc4 0-0 7. e4 c6 8. h3 Nbd7 9. Bf4 Qa5 10. Bd3 Nb6 11. Qb3 Be6 12. Qc2 Bc4 13. 0-0 Qa6 14. Bxc4 Qxc4 15. Rac1 Rfd8 16. Rfd1 Rac8 17. a3 c5 18. d5 e6 19. Ne5 Qa6 20. dxe6 fxe6 21. Nf3 Nh5 22. Be5 Bxe5 23. Nxe5 Nc4 24. Nxc4 Qxc4 25. Rxd8+ Rxd8 26. Ne2 Qxc2 27. Rxc2 b6 28. f3 Rd7 29. Kf2 e5 30. Ke3 Ng7 31. Rd2 Rxd2 32. Kxd2 Ne6 1/2-1/2

[Event "Ciudad del Este"]
[Site "Ciudad del Este"]
[Date "2015.09.13"]
[Round "7"]
[White "Sosa, Carlos Alberto"]
[Black "De Souza, Mauro Guimaraes"]
[Result "0-1"]
[WhiteElo "1868"]
[BlackElo "2334"]
[PlyCount "57"]
[EventDate "2015.09.10"]
[EventType "tourn"]
[EventRounds "14"]
[EventCountry "PAR"]
[EventCategory "2"]
[SourceTitle "EXT 2016"]
[Source "ChessBase"]
[SourceDate "2015.10.08"]
[SourceVersion "1"]
[SourceVersionDate "2015.10.08"]
[SourceQuality "1"]

1. d4 Nf6 2. c4 e6 3. Nc3 Bb4 4. Qc2 0-0 5. Bg5 c5 6. d5 exd5 7. cxd5 d6 8. e3 h6 9. Bxf6 Qxf6 10. Bd3 Nd7 11. Nf3 a6 12. 0-0 b5 13. Ne4 Qe7 14. b3 Bb7 15. Ng3 Bxd5 16. Be4 Bxe4 17. Nxe4 d5 18. Ng3 Nf6 19. a3 Ba5 20. Rfd1 Rfd8 21. Qb2 Rac8 22. b4 Bb6 23. bxc5 Rxc5 24. Nf5 Qe6 25. N5d4 Qe4 26. a4 Rdc8 27. axb5 axb5 28. Ra6 Bc7 29. Nxb5 0-1

[Event "Sao Paulo Livraria 4th"]
[Site "Sao Paulo"]
[Date "2015.05.10"]
[Round "8"]
[White "Freitas, Romeu Salvador"]
[Black "Sosa, Carlos Alberto"]
[Result "1-0"]
[WhiteElo "2287"]
[BlackElo "1843"]
[PlyCount "68"]
[EventDate "2015.05.05"]
[EventType "tourn"]
[EventRounds "10"]
[EventCountry "BRA"]
[SourceTitle "EXT 2018"]
[Source "ChessBase"]
[SourceDate "2017.10.13"]
[SourceVersion "1"]
[SourceVersionDate "2017.10.13"]
[SourceQuality "1"]

1. d4 Nf6 2. c4 e6 3. Nf3 b6 4. g3 Bb7 5. Bg2 Be7 6. 0-0 0-0 7. d5 exd5 8. Nh4 Re8 9. cxd5 d6 10. Nc3 Nbd7 11. Re1 Nf8 12. e4 N6d7 13. Nf5 Bf6 14. Be3 Ng6 15. f4 a5 16. Qe2 Nc5 17. Bf2 Bc8 18. Nd4 Bd7 19. Rac1 Qc8 20. b3 Bh3 21. Bxh3 Qxh3 22. Ncb5 Rac8 23. a3 h5 24. b4 axb4 25. axb4 Na6 26. Qc4 Ra8 27. Qb3 h4 28. Rc3 Qg4 29. Rf3 hxg3 30. hxg3 Qh3 31. Nf5 Ne7 32. Nbd4 Nxf5 33. Nxf5 Rxe4 34. Rxe4 Qxf5 1-0

[Event "Sao Paulo Livraria 4th"]
[Site "Sao Paulo"]
[Date "2015.05.08"]
[Round "4"]
[White "Sosa, Carlos Alberto"]
[Black "Duje, Rafael"]
[Result "0-1"]
[WhiteElo "1843"]
[BlackElo "2167"]
[PlyCount "54"]
[EventDate "2015.05.05"]
[EventType "tourn"]
[EventRounds "10"]
[EventCountry "BRA"]
[SourceTitle "EXT 2018"]
[Source "ChessBase"]
[SourceDate "2017.10.13"]
[SourceVersion "1"]
[SourceVersionDate "2017.10.13"]
[SourceQuality "1"]

1. d4 Nf6 2. c4 g6 3. Nc3 d5 4. Bg5 Ne4 5. Nxe4 dxe4 6. Qd2 Bg7 7. 0-0-0 Nc6 8. e3 h6 9. Bh4 0-0 10. Ne2 g5 11. Bg3 Bg4 12. h3 Bh5 13. h4 Bg4 14. Re1 e5 15. d5 Ne7 16. hxg5 hxg5 17. Nc3 f5 18. Be2 Bxe2 19. Qxe2 Qe8 20. Nxe4 fxe4 21. Qg4 Rf5 22. Qxe4 Qg6 23. Rh3 c6 24. f4 cxd5 25. cxd5 Rc8+ 26. Kb1 exf4 27. Qxe7 Re5+ 0-1